Mahasangramar duranta Sainikjan/ (Record no. 11545)

MARC details
000 -LEADER
fixed length control field 00520nam a22001817a 4500
005 - DATE AND TIME OF LATEST TRANSACTION
control field 20230529160857.0
008 - FIXED-LENGTH DATA ELEMENTS--GENERAL INFORMATION
fixed length control field 230529b ||||| |||| 00| 0 eng d
040 ## - CATALOGING SOURCE
Original cataloging agency IN-DiNC
Transcribing agency IN-DiNC
041 ## - LANGUAGE CODE
Language code of sung or spoken text Assamese
082 ## - DEWEY DECIMAL CLASSIFICATION NUMBER
Classification number 920
Item number SHA
100 ## - MAIN ENTRY--PERSONAL NAME
Personal name Sharma, Dibyajyoti
Relator term Author
245 ## - TITLE STATEMENT
Title Mahasangramar duranta Sainikjan/
Statement of responsibility, etc. by Dibyajyoti Sharma
250 ## - EDITION STATEMENT
Edition statement 2nd ed.
260 ## - PUBLICATION, DISTRIBUTION, ETC.
Place of publication, distribution, etc. Jorhat:
Name of publisher, distributor, etc. Angkur prakash,
Date of publication, distribution, etc. 2016.
300 ## - PHYSICAL DESCRIPTION
Extent 188p.
650 ## - SUBJECT ADDED ENTRY--TOPICAL TERM
Topical term or geographic name entry element Multi faced peasant movement in Assam led by Akhil Gogoi
942 ## - ADDED ENTRY ELEMENTS (KOHA)
Source of classification or shelving scheme Dewey Decimal Classification
Koha item type Books
Holdings
Withdrawn status Lost status Source of classification or shelving scheme Damaged status Not for loan Collection code Home library Current library Shelving location Date acquired Cost, normal purchase price Total Checkouts Full call number Barcode Date last seen Copy number Price effective from Koha item type
    Dewey Decimal Classification     General Collection Naharkatiya College Library Naharkatiya College Library General Stacks 29/05/2023 160.00   920 SHA 25705 29/05/2023 1 29/05/2023 Books

Naharkatiya College © 2020. All rights reserved.

Powered By